[Event "4NCL/Div4/MONM vs. SLOS4"]
[Site "Nottingham ENG"]
[Date "2006.02.11"]
[Round "5.6"]
[White "Melsom, Jonathan T"]
[Black "Thomas, Kevin"]
[Result "0-1"]
[WhiteElo "1885"]
[BlackElo "1955"]
[PlyCount "107"]
[EventDate "2006.02.11"]
[SourceDate "2005.10.25"]

1. e4 e5 2. Nf3 Nc6 3. Bb5 Nd4 4. Nxd4 exd4 5. O-O c6 6. Be2 Bc5 7. d3 d6 8. a3
Be6 9. b4 Bb6 10. f4 Nf6 11. f5 Bd7 12. Kh1 a5 13. bxa5 Bxa5 14. Bf4 Qe7 15.
Nd2 c5 16. Nc4 Bc7 17. Bf3 Bc6 18. e5 dxe5 19. Bxc6+ bxc6 20. Bxe5 O-O 21. Bxf6
Qxf6 22. Qf3 Qh6 23. h3 Rfe8 24. f6 Qxf6 25. Qxf6 gxf6 26. Rxf6 Ra6 27. Raf1
Re7 28. R6f5 Bd8 29. Rxc5 Re2 30. Rcf5 Rxc2 31. Rxf7 Rxc4 32. dxc4 Bg5 33. R7f3
Bh6 34. Rg3+ Bg7 35. Rb1 Ra7 36. c5 Kf7 37. Rf3+ Ke6 38. Kg1 Kd5 39. Rf5+ Ke4
40. g4 d3 41. Kf1 Rxa3 42. Re1+ Kd4 43. Rd1 Kc4 44. Rf7 Bd4 45. Rxh7 Kc3 46.
Rc7 Kc2 47. Rxd3 Kxd3 48. Rxc6 Kc4 49. Rh6 Bxc5 50. Ke2 Kd4 51. Rh7 Ke4 52. Rh8
Ra2+ 53. Kd1 Kd3 54. Kc1 0-1

[Event "4NCL/Div4/BCA vs. FCA2"]
[Site "Nottingham ENG"]
[Date "2006.02.11"]
[Round "5.1"]
[White "Mordue, A Tyson"]
[Black "Elwin, Adrian G"]
[Result "1-0"]
[WhiteElo "2225"]
[BlackElo "2070"]
[PlyCount "69"]
[EventDate "2006.02.11"]
[SourceDate "2005.10.25"]

1. e4 c6 2. d4 d5 3. Nc3 dxe4 4. Nxe4 Nf6 5. Nxf6+ gxf6 6. c3 Bf5 7. Nf3 e6 8.
g3 Bg4 9. Bg2 Bd6 10. Bh6 Nd7 11. O-O Qa5 12. Qd2 Qh5 13. Nh4 Rg8 14. Bf4 Bxf4
15. Qxf4 e5 16. Qe3 O-O-O 17. d5 cxd5 18. Qxa7 e4 19. c4 dxc4 20. Bxe4 Nc5 21.
Bf5+ Ne6 22. Rac1 Be2 23. Rfe1 Rg5 24. Rc2 Rxf5 25. Nxf5 Qxf5 26. Rcxe2 Nd4 27.
Qa8+ Kc7 28. Re7+ Rd7 29. Rxd7+ Qxd7 30. Qa5+ Kb8 31. Re3 Nf5 32. Rf3 Qd1+ 33.
Kg2 Nd4 34. Qd8+ Ka7 35. Ra3+ 1-0

[Event "4NCL/Div4/BCA vs. FCA2"]
[Site "Nottingham ENG"]
[Date "2006.02.11"]
[Round "5.2"]
[White "Habershon, Paul"]
[Black "Ross, Chris"]
[Result "0-1"]
[WhiteElo "2105"]
[BlackElo "2165"]
[PlyCount "78"]
[EventDate "2006.02.11"]
[SourceDate "2005.10.25"]

1. e4 c5 2. Nc3 Nc6 3. f4 g6 4. Nf3 Bg7 5. Bc4 e6 6. f5 Nge7 7. fxe6 fxe6 8. d3
O-O 9. O-O a6 10. a4 Nd4 11. Nxd4 Bxd4+ 12. Kh1 Nc6 13. Bh6 Rxf1+ 14. Qxf1 d6
15. Qf4 Be5 16. Qg4 Qe8 17. Rf1 Bg7 18. Qf4 Qe7 19. Bg5 Qf8 20. Qc1 Qe8 21. Qf4
Ne5 22. Bb3 Bd7 23. Bf6 Qf8 24. Bxe5 Bxe5 25. Qxf8+ Rxf8 26. Rxf8+ Kxf8 27. Nd1
Ke7 28. c3 b5 29. a5 Bc6 30. Ba2 d5 31. exd5 Bxd5 32. Bxd5 exd5 33. Ne3 d4 34.
cxd4 Bxd4 35. Nd1 Kd6 36. g3 Kd5 37. Kg2 c4 38. dxc4+ Kxc4 39. Kf3 Kd3 0-1

[Event "4NCL/Div4/BCA vs. FCA2"]
[Site "Nottingham ENG"]
[Date "2006.02.11"]
[Round "5.3"]
[White "Hilton, Steve"]
[Black "Goldsworthy, Patrick"]
[Result "1/2-1/2"]
[WhiteElo "2045"]
[BlackElo "2005"]
[PlyCount "42"]
[EventDate "2006.02.11"]
[SourceDate "2005.10.25"]

1. d4 Nf6 2. c4 e6 3. Nf3 b6 4. Bf4 Bb7 5. e3 c5 6. Nc3 Be7 7. Nb5 O-O 8. dxc5
Na6 9. cxb6 Bb4+ 10. Nc3 Ne4 11. Rc1 Qxb6 12. Bd3 Nac5 13. O-O Bxc3 14. bxc3 d6
15. Ng5 Nxg5 16. Bxg5 Qc6 17. f3 Nxd3 18. Qxd3 Ba6 19. Rfd1 Bxc4 20. Qxd6 Qxd6
21. Rxd6 f6 1/2-1/2

[Event "4NCL/Div4/BCA vs. FCA2"]
[Site "Nottingham ENG"]
[Date "2006.02.11"]
[Round "5.4"]
[White "Majer, Chris E"]
[Black "Armstrong, William G"]
[Result "1/2-1/2"]
[WhiteElo "2075"]
[BlackElo "1985"]
[PlyCount "62"]
[EventDate "2006.02.11"]
[SourceDate "2005.10.25"]

1. e4 c5 2. d4 cxd4 3. c3 d3 4. c4 g6 5. Bxd3 Bg7 6. Ne2 Nc6 7. Nbc3 Nf6 8. O-O
Ne5 9. b3 O-O 10. f4 Nxd3 11. Qxd3 Ng4 12. Qf3 d6 13. h3 Nf6 14. Be3 Bd7 15. e5
Bc6 16. exf6 Bxf3 17. fxg7 Kxg7 18. Rxf3 f5 19. Rd1 Qb8 20. Bc1 Kf7 21. Re3 b6
22. Nd4 Qb7 23. Ne6 Rfe8 24. Ng5+ Kg8 25. Rde1 h6 26. Nf3 Kf7 27. Ba3 Rad8 28.
Nb5 a6 29. Nbd4 b5 30. cxb5 axb5 31. Bb4 Qb6 1/2-1/2

[Event "4NCL/Div4/BCA vs. FCA2"]
[Site "Nottingham ENG"]
[Date "2006.02.11"]
[Round "5.5"]
[White "Gallagher, John"]
[Black "Valentine, Brian J"]
[Result "1/2-1/2"]
[WhiteElo "1890"]
[BlackElo "1990"]
[PlyCount "92"]
[EventDate "2006.02.11"]
[SourceDate "2005.10.25"]

1. c4 Nf6 2. Nf3 g6 3. Nc3 Bg7 4. e4 d6 5. d4 O-O 6. Be2 e5 7. dxe5 dxe5 8. Bg5
c6 9. Qxd8 Rxd8 10. O-O Re8 11. Rad1 Na6 12. h3 Nc5 13. Bxf6 Bxf6 14. Rfe1 a5
15. b3 Ne6 16. Na4 Nd4 17. Nb6 Rb8 18. Nxc8 Rbxc8 19. Nxd4 exd4 20. Bd3 Be7 21.
a4 Bb4 22. Rf1 Kg7 23. Kh1 Rc7 24. f4 f6 25. f5 Re5 26. fxg6 hxg6 27. Rf3 Rf7
28. Rdf1 Bd2 29. Rd1 Be3 30. g4 Rf8 31. Rdf1 Bg5 32. Kg2 Bh4 33. Rb1 c5 34.
Rbf1 Rd8 35. Rb1 Rd6 36. Rbf1 Rb6 37. Rb1 Ree6 38. Bc2 Re5 39. Bd3 Kf7 40. Kh2
Ke7 41. Kg2 Ree6 42. Bc2 Rb4 43. Rbf1 Kd6 44. Rd1 Ke5 45. Rdf1 Rd6 46. Rd1 Re6
1/2-1/2

[Event "4NCL/Div4/BCA vs. FCA2"]
[Site "Nottingham ENG"]
[Date "2006.02.11"]
[Round "5.6"]
[White "Shaw, John S"]
[Black "Thacker, Steve M"]
[Result "1-0"]
[WhiteElo "1935"]
[BlackElo "1785"]
[PlyCount "119"]
[EventDate "2006.02.11"]
[SourceDate "2005.10.25"]

1. d4 Nf6 2. Nf3 e6 3. e3 b6 4. Bd3 Bb7 5. Nbd2 c5 6. O-O Be7 7. c3 cxd4 8.
exd4 O-O 9. Re1 Na6 10. Qe2 Nc7 11. c4 d5 12. b3 a5 13. Bb2 Ba6 14. Ne5 Qe8 15.
Ng4 Nxg4 16. Qxg4 Qd7 17. Re3 f5 18. Qe2 Rf6 19. f4 Bd6 20. g3 Rg6 21. Kh1 Bb7
22. Nf3 a4 23. Rc1 dxc4 24. bxc4 Na6 25. Qf2 Nb4 26. Bb1 Na6 27. h3 Rh6 28. Kh2
Bxf3 29. Qxf3 Rf8 30. Qe2 Nc7 31. c5 bxc5 32. dxc5 Be7 33. c6 Qc8 34. Ba3 Bxa3
35. Rxa3 Nd5 36. Rxa4 Rf7 37. Qe5 Rc7 38. Rac4 Ne7 39. Qb5 Kf7 40. a4 e5 41.
fxe5 Rhxc6 42. Rxc6 Rxc6 43. Rxc6 Nxc6 44. Ba2+ Kg6 45. Bc4 Qc7 46. Qc5 Qb7 47.
Qb5 Qd7 48. Bd5 Nxe5 49. Qxd7 Nxd7 50. a5 Nb8 51. Bb7 Kf6 52. a6 Nxa6 53. Bxa6
g5 54. Kg2 h5 55. Kf3 Ke5 56. Bb5 g4+ 57. hxg4 hxg4+ 58. Ke3 Kf6 59. Kf4 Ke6
60. Bd3 1-0

[Event "4NCL/Div4/RICB vs. OXF3"]
[Site "Nottingham ENG"]
[Date "2006.02.11"]
[Round "5.1"]
[White "Giles, Benjamin"]
[Black "Terry, Sean"]
[Result "1/2-1/2"]
[WhiteElo "2010"]
[BlackElo "2000"]
[PlyCount "152"]
[EventDate "2006.02.11"]
[SourceDate "2005.10.25"]

1. d4 Nf6 2. c4 Nc6 3. Nc3 e5 4. d5 Ne7 5. Nf3 Ng6 6. h4 d6 7. Bg5 h6 8. Bxf6
gxf6 9. Qc2 Bg7 10. e3 f5 11. h5 Ne7 12. O-O-O a6 13. Nh4 Bd7 14. f4 b5 15.
cxb5 axb5 16. Bxb5 Bxb5 17. Nxb5 Rxa2 18. Nxf5 Nxf5 19. Qxf5 exf4 20. Qe4+ Kf8
21. Qxf4 Be5 22. Qc4 Rxb2 23. Nd4 Rxg2 24. Ne6+ fxe6 25. Qf1+ Ke7 26. Qxg2 Qa8
27. Qc2 Qa1+ 28. Kd2 Qa5+ 29. Ke2 Rg8 30. Rhg1 Qb5+ 31. Qd3 Qb2+ 32. Rd2 Qxd2+
33. Kxd2 Rxg1 34. dxe6 Rg2+ 35. Kd1 Kxe6 36. Qc4+ d5 37. Qc6+ Bd6 38. Qe8+ Be7
39. Qc8+ Kd6 40. Qa6+ c6 41. Qa3+ Kd7 42. Qa7+ Kd6 43. Qb8+ Kd7 44. Qh8 Bg5 45.
Qg7+ Kd6 46. Qf8+ Kd7 47. Qf7+ Kd6 48. Qf3 Ra2 49. Kc1 Kc7 50. Qg3+ Kb7 51. Qe5
Ra4 52. Qb2+ Ka6 53. Kd1 Re4 54. Qe2+ Kb7 55. Qb2+ Kc7 56. Qh2+ Kd7 57. Qh3+
Re6 58. Qf5 Bxe3 59. Qf7+ Kd6 60. Qf8+ Ke5 61. Qg7+ Kf5 62. Qd7 Bg5 63. Kc2 Ke5
64. Kd3 Rf6 65. Qg4 c5 66. Qe2+ Kd6 67. Qe8 c4+ 68. Kc2 Rf2+ 69. Kc3 Bd2+ 70.
Kc2 Bg5+ 71. Kc3 Bf6+ 72. Kb4 Rb2+ 73. Ka4 Bg5 74. Qf8+ Kc6 75. Qc8+ Kd6 76.
Qf8+ Kc6 1/2-1/2

[Event "4NCL/Div4/RICB vs. OXF3"]
[Site "Nottingham ENG"]
[Date "2006.02.11"]
[Round "5.2"]
[White "Burt, Will"]
[Black "Gaudeau, Valentin"]
[Result "1-0"]
[WhiteElo "1985"]
[BlackElo "1885"]
[PlyCount "119"]
[EventDate "2006.02.11"]
[SourceDate "2005.10.25"]

1. e4 c5 2. Nf3 d6 3. d4 cxd4 4. Nxd4 Nf6 5. Nc3 g6 6. Be3 Bg7 7. Be2 Nc6 8.
Nb3 Bd7 9. Qd2 h5 10. f3 Rc8 11. O-O Ne5 12. Rad1 Nc4 13. Bxc4 Rxc4 14. Qf2 b6
15. Rd4 Qc7 16. Rfd1 O-O 17. Rxc4 Qxc4 18. Nb1 Rc8 19. Na3 Qc7 20. c3 Be6 21.
Nb5 Qb7 22. N3d4 Bc4 23. a4 a6 24. Na3 Qd7 25. Qc2 e5 26. Nxc4 Rxc4 27. Ne2 Rc6
28. Qd2 Bf8 29. b3 Be7 30. c4 Kg7 31. Nc1 a5 32. Ne2 Kh7 33. Nc3 Kg7 34. h3 h4
35. Qf2 Nh5 36. Bxb6 Nf4 37. Bxa5 f5 38. Nd5 Bg5 39. Nxf4 Bxf4 40. c5 Qa7 41.
Bb6 Qa6 42. Qxh4 Qe2 43. Re1 Qd2 44. Rf1 Qd3 45. Qe1 dxc5 46. a5 fxe4 47. fxe4
Rf6 48. Rf3 Qc2 49. Rc3 Qb2 50. Rxc5 g5 51. Rc7+ Kg6 52. Qd1 Bg3 53. Rd7 Qa3
54. Rd8 Kh6 55. Be3 Bh4 56. g3 Bxg3 57. Bxg5+ Kg6 58. Bxf6 Qc5+ 59. Kh1 Qf2 60.
Qg4+ 1-0

[Event "4NCL/Div4/RICB vs. OXF3"]
[Site "Nottingham ENG"]
[Date "2006.02.11"]
[Round "5.4"]
[White "Smith, Jonathan"]
[Black "Davda, Rahil P"]
[Result "0-1"]
[WhiteElo "1935"]
[BlackElo "1825"]
[PlyCount "80"]
[EventDate "2006.02.11"]
[SourceDate "2005.10.25"]

1. e4 c5 2. Nf3 Nc6 3. d4 cxd4 4. Nxd4 Nf6 5. Nc3 e5 6. Ndb5 d6 7. Bg5 a6 8.
Na3 b5 9. Nd5 Be6 10. Bxf6 gxf6 11. c3 Bg7 12. Nc2 f5 13. exf5 Bxf5 14. Nce3
Bg6 15. Qf3 Rc8 16. Nf5 O-O 17. Bd3 Re8 18. Be4 a5 19. O-O b4 20. Rfd1 bxc3 21.
bxc3 Bf8 22. g3 Kh8 23. Rd2 Qg5 24. Qd3 Bxf5 25. Bxf5 e4 26. Bxe4 Rxe4 27. Qxe4
Qxd2 28. f4 Bg7 29. Nb6 Qxc3 30. Nxc8 Qxa1+ 31. Kg2 Qxa2+ 32. Kf1 Bd4 33. Ke1
Qe6 34. Qxe6 fxe6 35. Nxd6 a4 36. Nb5 Bc5 37. Nc3 Bb4 38. Kd2 a3 39. Kc2 Bxc3
40. Kxc3 a2 0-1

[Event "4NCL/Div4/RICB vs. OXF3"]
[Site "Nottingham ENG"]
[Date "2006.02.11"]
[Round "5.5"]
[White "Glover, Robert"]
[Black "Hadi, Justin"]
[Result "0-1"]
[WhiteElo "1795"]
[BlackElo "1895"]
[PlyCount "92"]
[EventDate "2006.02.11"]
[SourceDate "2005.10.25"]

1. e4 c5 2. Nf3 Nc6 3. c3 d5 4. exd5 Qxd5 5. d4 e5 6. Be3 Bg4 7. Be2 cxd4 8.
cxd4 Bb4+ 9. Nc3 exd4 10. Nxd4 Qxg2 11. Bf3 Bxf3 12. Qxf3 Qxf3 13. Nxf3 Nge7
14. O-O-O Bxc3 15. bxc3 Rd8 16. Rxd8+ Kxd8 17. Nd4 Kc8 18. Nb5 Nf5 19. Nxa7+
Nxa7 20. Bxa7 Re8 21. Rd1 Kc7 22. Rd5 Nd6 23. c4 Ra8 24. c5 Rxa7 25. cxd6+ Kd7
26. Kb2 Ra6 27. Rf5 f6 28. Rb5 b6 29. Rd5 Ra5 30. Rxa5 bxa5 31. Kb3 Kxd6 32.
Ka4 Kc5 33. Kxa5 h5 34. a4 g5 35. Ka6 f5 36. a5 Kc6 37. Ka7 f4 38. a6 Kc7 39.
Ka8 h4 40. h3 f3 41. a7 g4 42. hxg4 h3 43. g5 h2 44. g6 h1=Q 45. g7 Qh7 46.
g8=Q Qxg8# 0-1

[Event "4NCL/Div4/RICB vs. OXF3"]
[Site "Nottingham ENG"]
[Date "2006.02.11"]
[Round "5.6"]
[White "Henbest, Kevin B"]
[Black "Hall, Toby"]
[Result "0-1"]
[WhiteElo "1855"]
[BlackElo "1730"]
[PlyCount "60"]
[EventDate "2006.02.11"]
[SourceDate "2005.10.25"]

1. e4 d5 2. exd5 Nf6 3. Bb5+ Nbd7 4. Nc3 a6 5. Bxd7+ Bxd7 6. d4 Bg4 7. f3 Bf5
8. g4 Bg6 9. Nge2 Nxd5 10. Nxd5 Qxd5 11. Nf4 Qd6 12. Nxg6 hxg6 13. f4 Qd5 14.
Kf2 Qe4 15. Kg3 O-O-O 16. c3 e6 17. Re1 Qc6 18. Qe2 Be7 19. g5 Rh7 20. Bd2 Rdh8
21. Qe4 Rh3+ 22. Kf2 Rxh2+ 23. Kg1 Qxe4 24. Rxe4 Rh1+ 25. Kg2 Rxa1 26. d5 Rd1
27. Be3 Rxd5 28. Bd4 Rhd8 29. Kf3 Rf5 30. Ke3 Bc5 0-1

[Event "4NCL/Div4/SXM vs. KTP"]
[Site "Nottingham ENG"]
[Date "2006.02.11"]
[Round "5.1"]
[White "Fryer, David W"]
[Black "Carpenter, Dai"]
[Result "1-0"]
[WhiteElo "2085"]
[BlackElo "1900"]
[PlyCount "95"]
[EventDate "2006.02.11"]
[SourceDate "2005.10.25"]

1. e4 g6 2. Nc3 d6 3. g3 Bg7 4. Bg2 e5 5. Nge2 Nc6 6. O-O f5 7. f4 Nf6 8. exf5
Bxf5 9. fxe5 dxe5 10. d3 O-O 11. h3 Nd4 12. Be3 c6 13. Qd2 Qd7 14. Kh2 Be6 15.
Bg1 Nf5 16. g4 Nh4 17. Bc5 Rf7 18. Bh1 Bxg4 19. hxg4 Nxg4+ 20. Kg1 Bh6 21. Qe1
Nf5 22. Rf3 b6 23. Bf2 Nfe3 24. Rxf7 Qxf7 25. Bxc6 Rf8 26. Bxe3 Bxe3+ 27. Kg2
Qc7 28. Bd5+ Kg7 29. Qg3 Rf2+ 30. Kh3 h5 31. Bg2 Bf4 32. Nxf4 exf4 33. Nd5 Qxc2
34. Nxf4 Qxb2 35. Ne6+ Kf6 36. Re1 Qxa2 37. Qh4+ g5 38. Qxg5+ Kf7 39. Nd8+ Kf8
40. Qe7+ Kg8 41. Qg5+ Kf8 42. Ne6+ Qxe6 43. Rxe6 Rf7 44. Bc6 Rc7 45. Qf4+ Rf7
46. Re8+ Kg7 47. Qg5+ Kh7 48. Be4+ 1-0

[Event "4NCL/Div4/SXM vs. KTP"]
[Site "Nottingham ENG"]
[Date "2006.02.11"]
[Round "5.2"]
[White "Harley Yeo, Gareth"]
[Black "Fraser, Joe P"]
[Result "1/2-1/2"]
[WhiteElo "1836"]
[BlackElo "2065"]
[PlyCount "56"]
[EventDate "2006.02.11"]
[SourceDate "2005.10.25"]

1. d4 Nf6 2. c4 g6 3. Nc3 Bg7 4. e4 d6 5. Nge2 c5 6. d5 b5 7. cxb5 a6 8. b6
Nbd7 9. Ng3 Nxb6 10. a4 O-O 11. a5 Nbd7 12. Be2 Rb8 13. O-O Qc7 14. f4 Kh8 15.
Kh1 e6 16. dxe6 fxe6 17. f5 Ne5 18. fxg6 Nxg6 19. Nh5 Nxh5 20. Rxf8+ Nxf8 21.
Bxh5 Be5 22. Qf3 Ng6 23. Bxg6 hxg6 24. Qf8+ Kh7 25. Qh6+ Kg8 26. Qxg6+ Qg7 27.
Qe8+ Qf8 28. Qg6+ Qg7 1/2-1/2

[Event "4NCL/Div4/SXM vs. KTP"]
[Site "Nottingham ENG"]
[Date "2006.02.11"]
[Round "5.3"]
[White "Tucker, Andrew L"]
[Black "Steele, Dafydd"]
[Result "1-0"]
[WhiteElo "1980"]
[BlackElo "1905"]
[PlyCount "35"]
[EventDate "2006.02.11"]
[SourceDate "2005.10.25"]

1. d4 f5 2. Bg5 d5 3. e3 Nf6 4. Bxf6 exf6 5. c4 f4 6. Qh5+ g6 7. Qxd5 Qxd5 8.
cxd5 fxe3 9. fxe3 f5 10. Nf3 Bh6 11. Kf2 O-O 12. Bc4 Kh8 13. Ne5 Nd7 14. Nc3
Nxe5 15. dxe5 Re8 16. e6 c6 17. e4 cxd5 18. exd5 1-0

[Event "4NCL/Div4/SXM vs. KTP"]
[Site "Nottingham ENG"]
[Date "2006.02.11"]
[Round "5.4"]
[White "Davies, Matthew"]
[Black "Bayliss, Lyall C P"]
[Result "1/2-1/2"]
[WhiteElo "1855"]
[BlackElo "1925"]
[PlyCount "115"]
[EventDate "2006.02.11"]
[SourceDate "2005.10.25"]

1. d4 d5 2. c4 e6 3. Nc3 Nf6 4. cxd5 exd5 5. Bg5 Be7 6. Qc2 h6 7. Bh4 O-O 8. e3
Nbd7 9. Nf3 c5 10. Be2 a6 11. O-O b5 12. dxc5 Nxc5 13. a3 Bb7 14. Rfd1 Rc8 15.
Nd4 Nce4 16. Qd3 Nxc3 17. bxc3 Ne4 18. Bxe7 Qxe7 19. Rdc1 Qf6 20. Bf3 Rc4 21.
a4 Nc5 22. Qf5 Qxf5 23. Nxf5 Rxa4 24. Rxa4 Nxa4 25. Bxd5 Bxd5 26. Ne7+ Kh7 27.
Nxd5 Rd8 28. e4 Rc8 29. f3 a5 30. Rb1 Nxc3 31. Nxc3 Rxc3 32. Rxb5 a4 33. Ra5 a3
34. Kf2 Rc2+ 35. Kg3 a2 36. h4 Kg6 37. h5+ Kf6 38. f4 Ke6 39. Ra6+ Kd7 40. Kf3
Kc7 41. g4 Kb7 42. Ra4 Kb6 43. g5 Kb5 44. Ra8 Kb4 45. Kg4 Kb3 46. gxh6 gxh6 47.
Rb8+ Ka3 48. Ra8+ Kb2 49. Kf5 Rc6 50. Rb8+ Kc2 51. Ra8 Kb2 52. Rb8+ Ka1 53. e5
Ra6 54. Ke4 Ra5 55. Rb6 Ra7 56. Kf5 Ra4 57. Kg4 f5+ 58. Kxf5 1/2-1/2

[Event "4NCL/Div4/SXM vs. KTP"]
[Site "Nottingham ENG"]
[Date "2006.02.11"]
[Round "5.5"]
[White "Grant, David"]
[Black "Healey, Michael"]
[Result "0-1"]
[WhiteElo "1765"]
[BlackElo "1900"]
[PlyCount "112"]
[EventDate "2006.02.11"]
[SourceDate "2005.10.25"]

1. e4 e5 2. Nf3 Nc6 3. d4 exd4 4. Bc4 Nf6 5. O-O Nxe4 6. Re1 d5 7. Bxd5 Qxd5 8.
Nc3 Qd8 9. Nxe4 Be7 10. Bg5 O-O 11. Bxe7 Qxe7 12. Neg5 Qf6 13. Ne4 Qg6 14. Nxd4
Nxd4 15. Qxd4 Bg4 16. Ng3 b6 17. Re4 c5 18. Qe3 Be6 19. h4 h6 20. Re1 Bd5 21.
h5 Qf6 22. Re5 Rad8 23. f4 a5 24. a3 Bc6 25. Nf5 Kh7 26. g4 g5 27. hxg6+ Qxg6
28. g5 Qh5 29. Ng3 Qh3 30. Qf2 Rd4 31. Ne4 Bxe4 32. R5xe4 Rxe4 33. Rxe4 Rd8 34.
g6+ Kxg6 35. f5+ Kh7 36. Qf4 Rd1+ 37. Kf2 Rf1+ 38. Ke2 Rxf4 39. Rxf4 Qh2+ 40.
Rf2 Qe5+ 41. Kf1 Qxb2 42. c4 Qxa3 43. Kg2 Qd3 44. Rf3 Qxc4 45. Kg3 a4 46. Kf2
Qa2+ 47. Kg3 a3 48. f6 Qb2 49. Rf2 Qxf2+ 50. Kxf2 a2 51. Ke2 a1=Q 52. Kd3 Qd4+
53. Kc2 c4 54. Kc1 Qf2 55. Kb1 c3 56. Ka1 Qb2# 0-1

[Event "4NCL/Div4/SXM vs. KTP"]
[Site "Nottingham ENG"]
[Date "2006.02.11"]
[Round "5.6"]
[White "Fathallah, Joe"]
[Black "Cumming, Rhys"]
[Result "1-0"]
[WhiteElo "1768"]
[BlackElo "1740"]
[PlyCount "89"]
[EventDate "2006.02.11"]
[SourceDate "2005.10.25"]

1. d4 d5 2. Nf3 Nf6 3. c4 e6 4. e3 Be7 5. Nc3 O-O 6. b3 Nbd7 7. Bd3 dxc4 8.
bxc4 c5 9. O-O b6 10. Qe2 Bb7 11. Bb2 Qc7 12. h3 Rfe8 13. Rfd1 Bd6 14. Nb5 Qb8
15. Nxd6 Qxd6 16. Ba3 Qc7 17. e4 cxd4 18. Nxd4 a6 19. Rac1 Nc5 20. Bxc5 Qxc5
21. Nb3 Qe5 22. c5 Rec8 23. cxb6 Rxc1 24. Rxc1 Nd7 25. Rc7 Nxb6 26. Rxb7 Na4
27. Qc2 Rd8 28. Qc7 Qxc7 29. Rxc7 Kf8 30. Be2 Nb2 31. Kf1 a5 32. Nxa5 Ra8 33.
Nc6 Na4 34. Ra7 Rc8 35. Rxa4 Rxc6 36. Bc4 e5 37. Rb4 f6 38. a4 Rc5 39. Ke2 Ke7
40. Kd3 Ra5 41. Bb5 Kd6 42. Rc4 Ra7 43. Rc6+ Ke7 44. Kc4 h6 45. Kc5 1-0

[Event "4NCL/Div4/CELT vs. ADD"]
[Site "Nottingham ENG"]
[Date "2006.02.11"]
[Round "5.1"]
[White "Thomas, Robert K"]
[Black "Dupré, Paul D"]
[Result "1-0"]
[WhiteElo "2140"]
[BlackElo "2050"]
[PlyCount "51"]
[EventDate "2006.02.11"]
[SourceDate "2005.10.25"]

1. d4 Nf6 2. c4 c5 3. d5 e6 4. Nc3 exd5 5. cxd5 d6 6. e4 g6 7. Bd3 Bg7 8. h3
O-O 9. Nf3 b5 10. Bxb5 Nxe4 11. Nxe4 Qa5+ 12. Nfd2 Qxb5 13. Nxd6 Qa6 14. N2c4
Rd8 15. Bf4 Nd7 16. O-O Nb6 17. Nxb6 axb6 18. Qf3 b5 19. Nxc8 Raxc8 20. d6 Bxb2
21. Rab1 Bg7 22. Qd5 Rd7 23. Rfc1 c4 24. Rxb5 Qxa2 25. Ra5 Qe2 26. Ra8 1-0

[Event "4NCL/Div4/CELT vs. ADD"]
[Site "Nottingham ENG"]
[Date "2006.02.11"]
[Round "5.2"]
[White "Hamilton, Robert"]
[Black "Price, Chris"]
[Result "0-1"]
[WhiteElo "2025"]
[BlackElo "2037"]
[PlyCount "71"]
[EventDate "2006.02.11"]
[SourceDate "2005.10.25"]

1. e4 e6 2. d4 d5 3. Nd2 Nf6 4. Bd3 dxe4 5. Nxe4 Nbd7 6. Nf3 Be7 7. O-O O-O 8.
Re1 Nxe4 9. Bxe4 c5 10. c3 Nf6 11. Bc2 cxd4 12. cxd4 b6 13. Qd3 Bb7 14. Bg5 g6
15. Ne5 Qd5 16. f3 Rfd8 17. Red1 Qd6 18. h4 Nd5 19. Bxe7 Qxe7 20. h5 Qg5 21.
hxg6 hxg6 22. Bb3 Nf4 23. Qf1 Kg7 24. Rac1 Qg3 25. Rc7 Nh3+ 26. Kh1 Rh8 27.
Rxf7+ Kg8 28. gxh3 Rxh3+ 29. Qxh3 Qxh3+ 30. Kg1 Bd5 31. Bxd5 exd5 32. Kf2 Rc8
33. Rg1 Qh2+ 34. Rg2 Rc2+ 35. Ke3 Qxg2 36. Rxa7 0-1

[Event "4NCL/Div4/CELT vs. ADD"]
[Site "Nottingham ENG"]
[Date "2006.02.11"]
[Round "5.3"]
[White "Spencer, Douglas"]
[Black "Klein, Cornelia"]
[Result "1-0"]
[WhiteElo "1902"]
[BlackElo "1905"]
[PlyCount "55"]
[EventDate "2006.02.11"]
[SourceDate "2005.10.25"]

1. d4 Nf6 2. c4 e6 3. Nf3 b6 4. g3 Bb7 5. Bg2 c5 6. d5 exd5 7. Nh4 Be7 8. cxd5
d6 9. Nc3 Nbd7 10. O-O O-O 11. e4 a6 12. f4 Qb8 13. Nf5 Re8 14. g4 Nf8 15. g5
N6d7 16. Qg4 Ra7 17. Nh6+ Kh8 18. Nxf7+ Kg8 19. Nh6+ Kh8 20. Nf7+ Kg8 21. Nh6+
Kh8 22. Nf5 Bc8 23. Qg3 b5 24. b3 Rc7 25. Bb2 c4 26. Ne2 c3 27. Bxc3 Rxc3 28.
Qxc3 1-0

[Event "4NCL/Div4/CELT vs. ADD"]
[Site "Nottingham ENG"]
[Date "2006.02.11"]
[Round "5.4"]
[White "Waldock, Adrian"]
[Black "Tew, Paul"]
[Result "1/2-1/2"]
[WhiteElo "1885"]
[BlackElo "1890"]
[PlyCount "84"]
[EventDate "2006.02.11"]
[SourceDate "2005.10.25"]

1. e4 e5 2. Nc3 Nf6 3. Nf3 Nc6 4. Bb5 Bc5 5. d3 a6 6. Bc4 d6 7. Bg5 Na5 8. Qe2
b5 9. Bb3 Nxb3 10. axb3 Be6 11. O-O h6 12. Be3 Bxe3 13. Qxe3 c5 14. Kh1 O-O 15.
Ng1 Ng4 16. Qg3 f5 17. f4 exf4 18. Rxf4 g5 19. Rxf5 Bxf5 20. exf5 Nf6 21. Nh3
Qd7 22. Rf1 Rae8 23. Ng1 d5 24. Qf3 b4 25. Nce2 d4 26. Ng3 Re3 27. Qd1 Rfe8 28.
Nf3 Qd6 29. Nd2 Qc7 30. Nc4 Rxg3 31. hxg3 Qxg3 32. Qf3 Qh4+ 33. Qh3 Qxh3+ 34.
gxh3 Re2 35. Ra1 Nh5 36. Rxa6 Ng3+ 37. Kg1 Nxf5 38. Rc6 Rxc2 39. Rxc5 Ne3 40.
Rb5 Rg2+ 41. Kh1 Rg3 42. Kh2 Rg2+ 1/2-1/2

[Event "4NCL/Div4/CELT vs. ADD"]
[Site "Nottingham ENG"]
[Date "2006.02.11"]
[Round "5.5"]
[White "Kitchen, Peter J"]
[Black "Burgess, Thomas"]
[Result "1/2-1/2"]
[WhiteElo "1716"]
[BlackElo "1820"]
[PlyCount "41"]
[EventDate "2006.02.11"]
[SourceDate "2005.10.25"]

1. e4 e5 2. Nf3 Nc6 3. Bb5 Nf6 4. O-O Bc5 5. d3 d6 6. h3 h6 7. c3 O-O 8. Re1
Re8 9. Nbd2 a6 10. Ba4 b5 11. Bb3 Be6 12. Bc2 Bb6 13. Nf1 Bd7 14. Ne3 Kh7 15.
Nf5 Ne7 16. g4 Nxf5 17. exf5 Bc6 18. Be3 Bxe3 19. Rxe3 Nd5 20. Re1 Nf4 21. Kh2
1/2-1/2

[Event "4NCL/Div4/CELT vs. ADD"]
[Site "Nottingham ENG"]
[Date "2006.02.11"]
[Round "5.6"]
[White "O'Neill, Tom"]
[Black "Larter, Nick"]
[Result "0-1"]
[WhiteElo "1630"]
[BlackElo "1750"]
[PlyCount "116"]
[EventDate "2006.02.11"]
[SourceDate "2005.10.25"]

1. e4 e6 2. d4 d5 3. Nc3 Nf6 4. Bg5 Bb4 5. e5 h6 6. exf6 hxg5 7. fxg7 Rg8 8. a3
Ba5 9. b4 Bb6 10. Nf3 Qf6 11. Ne5 Nd7 12. Na4 Bxd4 13. Qxd4 Qxe5+ 14. Qxe5 Nxe5
15. h4 gxh4 16. Rxh4 Rxg7 17. Rh8+ Ke7 18. O-O-O b6 19. c4 Bb7 20. Rh5 Nxc4 21.
Bxc4 dxc4 22. g3 Bf3 23. Re5 Bxd1 24. Kxd1 f5 25. Nc3 Rd8+ 26. Ke2 a6 27. a4
Rd3 28. Nd1 Kd6 29. Re3 Rxe3+ 30. Nxe3 b5 31. axb5 axb5 32. Nc2 e5 33. Ne3 Rf7
34. Nc2 c5 35. Kf3 cxb4 36. Nxb4 Ra7 37. Ke2 Ra4 38. Nc2 Ra2 39. Kd1 Rxc2 40.
Kxc2 b4 41. f3 Ke6 42. Kd2 Kf6 43. Kc2 Kg5 44. Kd2 e4 45. fxe4 fxe4 46. Ke3 Kg4
47. Kxe4 Kxg3 48. Kd4 c3 49. Kd3 Kf2 50. Kc2 Ke1 51. Kc1 b3 52. Kb1 Kd2 53. Ka1
c2 54. Kb2 c1=Q+ 55. Kxb3 Qc5 56. Ka4 Qb6 57. Ka3 Kc3 58. Ka2 Qb2# 0-1

[Event "4NCL/Div4/OXF2 vs. PAP"]
[Site "Nottingham ENG"]
[Date "2006.02.12"]
[Round "6.1"]
[White "Rawlinson, Aidan"]
[Black "Summerscale, Aaron"]
[Result "0-1"]
[WhiteElo "2160"]
[BlackElo "2432"]
[PlyCount "20"]
[EventDate "2006.02.12"]
[SourceDate "2005.10.25"]

1. e4 b6 2. d4 Bb7 3. Bd3 Nf6 4. Nd2 Nc6 5. c3 e5 6. Ne2 d5 7. exd5 Qxd5 8. O-O
Nb4 9. Nf3 Nxd3 10. Qxd3 e4 0-1

[Event "4NCL/Div4/OXF2 vs. PAP"]
[Site "Nottingham ENG"]
[Date "2006.02.12"]
[Round "6.2"]
[White "Hunt, Harriet"]
[Black "Duggan, Chris"]
[Result "1-0"]
[WhiteElo "2352"]
[BlackElo "2035"]
[PlyCount "39"]
[EventDate "2006.02.12"]
[SourceDate "2005.10.25"]

1. e4 c5 2. Nf3 Nc6 3. Bb5 d6 4. O-O Bd7 5. Re1 Nf6 6. c3 a6 7. Bf1 Bg4 8. d3
e6 9. Nbd2 Be7 10. a3 d5 11. e5 Nd7 12. Qa4 Bh5 13. g4 Bg6 14. Qf4 Qc7 15. Qg3
h5 16. g5 h4 17. Nxh4 Rh5 18. Ndf3 Ncxe5 19. Nxe5 Nxe5 20. Bf4 1-0